Dates of English Kings and Queens - Statistics

General Stats
  • This quiz has been taken 365 times
  • The average score is 20 of 44
Answer Stats
Hint Answer % Correct
Elizabeth II 1952-
77%
Edward VIII 1936
70%
William I 1066-1087
67%
Victoria 1837-1901
64%
Elizabeth I 1558-1603
59%
Mary 1553-1558
58%
Henry VIII 1509-1547
57%
Edward VII 1901-1910
57%
Edward VI 1547-1553
55%
George VI 1936-1952
55%
James I 1603-1625
54%
Henry VII 1485-1509
53%
Charles I 1625-1649
53%
George V 1910-1936
53%
William II 1087-1100
52%
Edward V 1483
52%
Richard III 1483-1485
52%
William IV 1830-1837
50%
George III 1760-1820
48%
George IV 1820-1830
48%
John 1199-1216
45%
Charles II 1660-1685
45%
Richard ! 1189-1199
44%
Henry I 1100-1135
43%
Anne 1702-1714
43%
James II 1685-1688
41%
Stephen 1135-1154
40%
Act Abolishing the Kingship 1649-1660
40%
William III 1689-1702
38%
Edward IV (Restored) 1471-1483
37%
George I 1714-1727
37%
George II 1727-1760
37%
Henry VI (Restored) 1470-1471
36%
Glorious Revolution 1688-1689
36%
Henry II 1154-1189
35%
Henry V 1413-1422
35%
Henry III 1216-1272
33%
Edward II 1307-1327
33%
Edward IV 1461-1470
32%
Edward I 1272-1307
31%
Edward III 1327-1377
31%
Richard II 1377-1399
30%
Henry IV 1399-1413
29%
Henry VI 1422-1461
28%
No matching quizzes found
Score Distribution
Percent of People with Each Score
Percentile by Number Answered
Your Score History
You have not taken this quiz